Advanced Computational Methods for Knowledge Engineering Proceedings of the 2nd International Conference on Computer Science, Applied Mathematics and Applications (ICCSAMA 2014) /

The proceedings consists of 30 papers which have been selected and invited from the submissions to the 2nd International Conference on Computer Science, Applied Mathematics and Applications (ICCSAMA 2014) held on 8-9 May, 2014 in Budapest, Hungary. The conference is organized into 7 sessions: Advanc...

Full description

Bibliographic Details
Corporate Author: SpringerLink (Online service)
Other Authors: Do, Tien van (Editor), Thi, Hoai An Le (Editor), Nguyen, Ngoc Thanh (Editor)
Format: Electronic eBook
Language:English
Published: Cham : Springer International Publishing : Imprint: Springer, 2014.
Series:Advances in Intelligent Systems and Computing, 282
Subjects:
Online Access:Full Text via HEAL-Link
LEADER 03365nam a22004815i 4500
001 978-3-319-06569-4
003 DE-He213
005 20151204165150.0
007 cr nn 008mamaa
008 140411s2014 gw | s |||| 0|eng d
020 |a 9783319065694  |9 978-3-319-06569-4 
024 7 |a 10.1007/978-3-319-06569-4  |2 doi 
040 |d GrThAP 
050 4 |a Q342 
072 7 |a UYQ  |2 bicssc 
072 7 |a COM004000  |2 bisacsh 
082 0 4 |a 006.3  |2 23 
245 1 0 |a Advanced Computational Methods for Knowledge Engineering  |h [electronic resource] :  |b Proceedings of the 2nd International Conference on Computer Science, Applied Mathematics and Applications (ICCSAMA 2014) /  |c edited by Tien van Do, Hoai An Le Thi, Ngoc Thanh Nguyen. 
264 1 |a Cham :  |b Springer International Publishing :  |b Imprint: Springer,  |c 2014. 
300 |a XIV, 428 p. 116 illus.  |b online resource. 
336 |a text  |b txt  |2 rdacontent 
337 |a computer  |b c  |2 rdamedia 
338 |a online resource  |b cr  |2 rdacarrier 
347 |a text file  |b PDF  |2 rda 
490 1 |a Advances in Intelligent Systems and Computing,  |x 2194-5357 ;  |v 282 
505 0 |a Advanced Optimization Methods and Their Applications -- Queueing Models and Performance Evaluation -- Software Development and Testing -- Computational Methods for Knowledge Engineering -- Logic Based Methods for Decision Making and Data Mining -- Nonlinear Systems and Applications -- Computational Methods for Mobile and Wireless Networks. 
520 |a The proceedings consists of 30 papers which have been selected and invited from the submissions to the 2nd International Conference on Computer Science, Applied Mathematics and Applications (ICCSAMA 2014) held on 8-9 May, 2014 in Budapest, Hungary. The conference is organized into 7 sessions: Advanced Optimization Methods and Their Applications, Queueing Models and Performance Evaluation, Software Development and Testing, Computational Methods for Mobile and Wireless Networks, Computational Methods for Knowledge Engineering, Logic Based Methods for Decision Making and Data Mining, and Nonlinear Systems and Applications, respectively. All chapters in the book discuss theoretical and practical issues connected with computational methods and optimization methods for knowledge engineering. The editors hope that this volume can be useful for graduate and Ph.D. students and researchers in Computer Science and Applied Mathematics. It is the hope of the editors that readers of this volume can find many inspiring ideas and use them to their research. Many such challenges are suggested by particular approaches and models presented in individual chapters of this book. 
650 0 |a Engineering. 
650 0 |a Artificial intelligence. 
650 0 |a Computational intelligence. 
650 1 4 |a Engineering. 
650 2 4 |a Computational Intelligence. 
650 2 4 |a Artificial Intelligence (incl. Robotics). 
700 1 |a Do, Tien van.  |e editor. 
700 1 |a Thi, Hoai An Le.  |e editor. 
700 1 |a Nguyen, Ngoc Thanh.  |e editor. 
710 2 |a SpringerLink (Online service) 
773 0 |t Springer eBooks 
776 0 8 |i Printed edition:  |z 9783319065687 
830 0 |a Advances in Intelligent Systems and Computing,  |x 2194-5357 ;  |v 282 
856 4 0 |u http://dx.doi.org/10.1007/978-3-319-06569-4  |z Full Text via HEAL-Link 
912 |a ZDB-2-ENG 
950 |a Engineering (Springer-11647)